Distributed sensor networks / (Record no. 179794)
[ view plain ]
| 000 -LEADER | |
|---|---|
| fixed length control field | 01219 a2200253 4500 |
| 003 - CONTROL NUMBER IDENTIFIER | |
| control field | Nust |
| 005 - DATE AND TIME OF LATEST TRANSACTION | |
| control field | 20221024095429.0 |
| 010 ## - LIBRARY OF CONGRESS CONTROL NUMBER | |
| LC control number | 2004050004 |
| 020 ## - INTERNATIONAL STANDARD BOOK NUMBER | |
| International Standard Book Number | 1584883839 (hardcover : acid-free paper) |
| 040 ## - CATALOGING SOURCE | |
| Transcribing agency | Nust |
| 082 00 - DEWEY DECIMAL CLASSIFICATION NUMBER | |
| Classification number | 621.3,DIS |
| 245 00 - TITLE STATEMENT | |
| Title | Distributed sensor networks / |
| Statement of responsibility, etc. | edited by S. Sitharama Iyengar and Richard R. Brooks. |
| 260 ## - PUBLICATION, DISTRIBUTION, ETC. | |
| Place of publication, distribution, etc. | Boca Raton, Fla. : |
| Name of publisher, distributor, etc. | Chapman & Hall/CRC, |
| Date of publication, distribution, etc. | c2005. |
| 300 ## - PHYSICAL DESCRIPTION | |
| Extent | xvi, 1123 p. : |
| Other physical details | ill. ; |
| Dimensions | 26 cm. |
| 440 #0 - SERIES STATEMENT/ADDED ENTRY--TITLE | |
| Title | Chapman & Hall/CRC computer and information science series |
| 9 (RLIN) | 13921 |
| 505 ## - FORMATTED CONTENTS NOTE | |
| Formatted contents note | Overview (Page-1), Distributed Sensing and Signal Processing (Page-49), Information Fusion (Page-287), Sensor Deployment and Networking (Page-449), Power Management (Page-651), Adaptive Tasking (Page-749), Self – Configuration (Page-845), System Control(Page-975), Engineering Examples (Page-1009), Beam forming (Page-1067), |
| 650 #0 - SUBJECT ADDED ENTRY--TOPICAL TERM | |
| Topical term or geographic name entry element | Intelligent agents (Computer software) |
| 650 #0 - SUBJECT ADDED ENTRY--TOPICAL TERM | |
| Topical term or geographic name entry element | Multisensor data fusion. |
| 9 (RLIN) | 40858 |
| 650 #0 - SUBJECT ADDED ENTRY--TOPICAL TERM | |
| Topical term or geographic name entry element | Sensor networks. |
| 9 (RLIN) | 94573 |
| 700 1# - ADDED ENTRY--PERSONAL NAME | |
| Personal name | Brooks, R. R. |
| 9 (RLIN) | 96027 |
| 700 1# - ADDED ENTRY--PERSONAL NAME | |
| Personal name | Iyengar, S. S. |
| 9 (RLIN) | 96523 |
| 856 42 - ELECTRONIC LOCATION AND ACCESS | |
| Materials specified | Publisher description |
| Uniform Resource Identifier | <a href="http://www.loc.gov/catdir/enhancements/fy0646/2004050004-d.html">http://www.loc.gov/catdir/enhancements/fy0646/2004050004-d.html</a> |
| 942 ## - ADDED ENTRY ELEMENTS (KOHA) | |
| Source of classification or shelving scheme | |
| Koha item type | Book |
| Withdrawn status | Lost status | Source of classification or shelving scheme | Damaged status | Not for loan | Permanent Location | Current Location | Shelving location | Date acquired | Full call number | Barcode | Date last seen | Price effective from | Koha item type | Public note |
|---|---|---|---|---|---|---|---|---|---|---|---|---|---|---|
| Military College of Signals (MCS) | Military College of Signals (MCS) | General Stacks | 12/12/2016 | 621.3,DIS | MCS31482 | 12/08/2016 | 12/12/2016 | Book | Almirah No.28, Shelf No.1 |
